000 01018nam a2200253 a 4500
001 78648
003 BD-RjUL
005 20211209083145.0
008 211026s19661376ua ||||| |||| 00| 0 ara d
035 _a(BD-RjUL)78874
040 _aBD-RjUL
_beng
_cBD-RjUL
041 _aara
082 _223
_a956.06516
_bANE 1966
100 1 _aAnnan, Muhammad Abdullah ;; عنان، محمد عبد الله.
_9249375
245 1 4 _a The End of the Morish Empire in Spain and the history of the Moriscos/ = / نهاية الأندلس و تاريخ العرب المنتصرين، و هو العصر الرابع من كتاب دولة الاسلام في الاندلس
_c تأليف محمد عبدالله عنان = Muhammed Abdullah Annan.
250 _a3rd. revised ed.
260 _aCairo :
_bLajnat ul Taalif ,
_c1966
300 _a546 p. :
_bill. ;
_c22 cm
650 _aMoriscos
_9248550
650 _aSpain--Granada (Reino)
_9249376
650 _aSpain
_9249377
650 _aArabs
_9249378
942 _2ddc
_cBK
999 _c78648
_d78648